MARC

Tag First Indicator Second Indicator Subfields
LEADER 00000cam a2200000 a 4500
001 in00000003244
005 20151007051105.0
008 981109s1999 dcua b f001 0 eng
010 |a  98051398  
020 |a 0844409774 (pbk. : alk. paper) :  |c $21.00 
035 |a (OCoLC)40444027 
035 |9 AJG4681AM 
037 |a 030-001-00177-6  |b GPO 
040 |d GPO  |d DLC  |d MvI  |d UtOrBLW 
043 |a n-us---  |a n-us-pa  |a n-us-dc 
049 |a UDOC 
050 0 0 |a Z1201  |b .G38 1999  |a E163 
051 |a Z663.7  |b .G38 1999  |c Copy 3 
074 |a 0786 
082 0 0 |a 016.973  |2 21 
086 0 |a LC 1.2:H 62/8 
245 0 0 |a Gathering history :  |b the Marian S. Carson collection of Americana /  |c historical overview by Robert V. Remini ; with essays by Gerard W. Gawalt [and others] ; edited by Sara Day. 
264 1 |a Washington :  |b Library of Congress :  |c 1999. 
264 2 |a Washington :  |b For sale by the Supt. of Docs., U.S. G.P.O., 
300 |a x, 124 pages :  |b color illustrations ;  |c 23 cm. 
336 |a text  |b txt  |2 rdacontent 
337 |a unmediated  |b n  |2 rdamedia 
338 |a volume  |b nc  |2 rdacarrier 
500 |a Shipping list number: 99-0209-P. 
504 |a Includes bibliographical references and index. 
610 2 0 |a Marian S. Carson Collection (Library of Congress) 
651 0 |a United States  |x Civilization  |x Library resources. 
651 0 |a Philadelphia (Pa.)  |x Civilization  |x Library resources. 
650 0 |a Americana  |x Private collections  |z Washington (D.C.) 
600 1 0 |a Carson, Marian S.  |x Library. 
600 1 0 |a Carson, Marian S.  |x Art collections. 
600 1 0 |a Carson, Marian S.  |x Photograph collections. 
650 0 |a Library resources  |z Washington (D.C.) 
610 2 0 |a Library of Congress. 
700 1 |a Remini, Robert V.  |q (Robert Vincent),  |d 1921-2013. 
700 1 |a Gawalt, Gerard W. 
700 1 |a Day, Sara,  |d 1943- 
710 2 |a Library of Congress. 
999 |a MARS 
999 f f |s e37161c8-df56-35e1-99f4-38aaae915905  |i fda64b9a-f77e-31fb-9b0f-79d070472d1d  |t 0 
952 f f |p noncirc  |a Texas A&M University  |b College Station  |c Cushing Memorial Library & Archives  |d Cushing: Area Studies/Africana (Does not check out)  |t 0  |e Z1201 .G38 1999  |h Library of Congress classification  |i unmediated -- volume 
998 f f |a Z1201 .G38 1999  |t 0  |l Cushing: Area Studies/Africana (Does not check out)